| 000 | 00595nam a2200205Ia 4500 | ||
|---|---|---|---|
| 003 | GCL | ||
| 008 | 140319s9999 xx 000 0 ara d | ||
| 040 |
_aGCL / _cGCL |
||
| 082 | 0 | 4 |
_a613.2 _bح س |
| 100 | 1 | _aحسان زيدان | |
| 245 | 1 | 0 |
_aالسلامة والصحة المهنية / _cحسان زيدان |
| 300 | _a204 ص | ||
| 490 |
_aكتاب _v0 |
||
| 650 | 0 | 4 | _aالامن الصناعى |
| 650 | 0 | 4 | _aالحوادث |
| 650 | 0 | 4 | _aالاجتماع، علم |
| 650 | 0 | 4 | _aالحوادث الصناعية |
| 650 | 0 | 4 | _aالاجتماع الصناعى، علم |
| 942 |
_2ddc _cBK |
||
| 999 |
_c42054 _d42054 |
||